OCR (Record no. 5085)

MARC details
005 - DATE AND TIME OF LATEST TRANSACTION
control field 20250625133451.0
020 ## - INTERNATIONAL STANDARD BOOK NUMBER
International Standard Book Number 978-0-19-838696-4
082 ## - DEWEY DECIMAL CLASSIFICATION NUMBER
Classification number 302 OCR
245 ## - TITLE STATEMENT
Title OCR
260 ## - PUBLICATION, DISTRIBUTION, ETC.
Place of publication, distribution, etc. New York
Name of publisher, distributor, etc. Oxford University Press
Date of publication, distribution, etc. 1992
300 ## - PHYSICAL DESCRIPTION
Extent vii,159p.
Dimensions 24cm
942 ## - ADDED ENTRY ELEMENTS (KOHA)
Source of classification or shelving scheme Dewey Decimal Classification
Koha item type Books
Holdings
Date last seen Total checkouts Full call number Barcode Cost, replacement price Price effective from Koha item type Lost status Source of classification or shelving scheme Damaged status Not for loan Withdrawn status Home library Current library Shelving location Date acquired Source of acquisition Cost, normal purchase price
06/25/2025   302 OCR MZA0002105 150000.00 06/25/2025 Books   Dewey Decimal Classification       CBE Mwanza CBE Mwanza General Collection 07/16/2007 Library Budget 50000.00
06/25/2025   302 OCR MZA0002111 150000.00 06/25/2025 Books   Dewey Decimal Classification       CBE Mwanza CBE Mwanza General Collection 07/16/2007 Library Budget 50000.00